00893nam a2200241Ia 4500001000600000003000900006008004100015040001300056040001300069041001300082100002000095100002800115245002900143245002900172250001100201260000900212260001000221260004900231300004100280500025600321650004300577650003100620 1958IT-RoPAU130308s9999 xx 000 0 und d aIT-RoPAU cIT-RoPAU aITALIANO aTaddei Nazareno gCodice Aut. SPICS: 890 aCatechesi con l'immagine bCatechesi con L'Immagine a1a ed. aROMA bCiscs c1973 [1° Ed.:1973 - Ed.Ling.Originale:1973] a"56 p. (prefazione: no ; testo: 56)" aConcetto di Comunicazione Comunicazione di Natura Fisica Comunicazione di Natura conoscitiva Intellettiva Comunicazione di Natura Producente Sacramento Sacramenti Come Comunicazione Segni che Significano I Sacramenti Significano Algoritmo Organigramma aTEORIA PASTORALE COMUNICAZIONE SOCIALE eCodice materia Spics: 9305